000
00271nam a2200121Ia 4500
008
230303s9999 xx 000 0 und d
041
_a
eng
082
_a
621.38'10 SEN
100
_a
SEN (P.C.)
245
_a
Power Electronics
260
_a
NEW DELHI
_b
TMH
365
_c
RS
999
_c
199049
_d
199049